Κατάλογος Βιβλιοθηκών Mediterranean College

Learning PHP, MySOL & JavaScript / With JQUERY, CSS & HTML5 (Record no. 6117)

MARC details
000 -LEADER
fixed length control field 01288cam a22002054a 4500
005 - ΗΜΕΡΟΜΗΝΙΑ ΚΑΙ ΩΡΑ ΤΕΛΕΥΤΑΙΑΣ ΕΝΗΜΕΡΩΣΗΣ
Πεδίο ελέγχου 20250605164233.0
008 - FIXED-LENGTH DATA ELEMENTS--GENERAL INFORMATION
Πεδίο ελέγχου σταθερού μήκους 250528s ||||||||||||||||||||||||d
035 ## - SYSTEM CONTROL NUMBER
System control number 21046
020 ## - ISBN
ISBN 9781491918661
040 ## - ΠΗΓΗ ΚΑΤΑΛΟΓΟΓΡΑΦΗΣΗΣ
Φορέας πρωτότυπης καταλογογράφησης MC Athens Campus Library
Γλώσσα καταλογογράφησης Ελληνικά, Μοντέρνα (1453-)
Modifying agency MC Athens Campus Library
Κανόνες περιγραφικής καταλογογράφησης AACR2
245 1# - ΤΙΤΛΟΣ ΚΑΙ ΔΗΛΩΣΗ ΥΠΕΥΘΥΝΟΤΗΤΑΣ
Τίτλος Learning PHP, MySOL & JavaScript / With JQUERY, CSS & HTML5
250 ## - EDITION STATEMENT
Edition statement 4th
260 ## - PUBLICATION, DISTRIBUTION, ETC.
Name of publisher, distributor, etc. O'Reilly Media,
Date of publication, distribution, etc. 2015
300 ## - PHYSICAL DESCRIPTION
Extent 784
520 ## - SUMMARY, ETC.
Summary, etc. A great beginner's book that introduces several crucial web developer languages. Preface, Introduction to Dynamic Web Content, Setting Up a Development Server, Introduction to PHP, Expressions and Control Flow in PHP, PHP Functions and Objects, PHP Arrays, Practical PHP, Introduction to MySQL, Mastering MySQL, Accessing MySQL PHP, Form Handling, Cookies and Sessions and Authentication, Exploring JavaScript, Expressions and Control Flow in Java script, Java script Functions and Objects and Arrays, JavaScript and PHP Validation and Error Handling, Using Ajax, Introduction to CSS, Advanced CSS with CSS3, Accessing CSS from Java script, Introduction to jQuery, Introduction to HTML5, The HTML5 Canvas, HTML5 Audio and Video, Other HTML5 Features, Bring It All Together, Index.
700 1# - ΠΡΟΣΘΕΤΗ ΑΝΑΓΡΑΦΗ--ΦΥΣΙΚΟ ΠΡΟΣΩΠΟ
Personal name Nixon Robin
9 (RLIN) 7071
942 ## - ADDED ENTRY ELEMENTS (KOHA)
Koha item type Books
Holdings
Τύπος τεκμηρίου Βιβλιοθήκη Τρέχουσα τοποθεσία Barcode Αριθμός εισαγωγής Ημερομηνία απόκτησης Ταξιθετικό σύμβολο Αριθμός αντιτύπου Κατάσταση απόσυρσης Κατάσταση χαμένου Κατάσταση κατεστραμμένου Μη δανεισμός Σύνολο δανεισμών Ημερομηνία τελευταίας εμφάνισης Η τιμή ισχύει από
Books MC Athens Campus Library MC Athens Campus Library 9780000061164 6964 05/06/2025 005.2762 NIX 1           05/06/2025 05/06/2025

MC Athens Campus Library
Πατησίων 94 & Κοδριγκτώνος 13, 104 34
Πελλήνης 8 & Πατησίων 107, 112 51
Τ: +30 210 8899600

MC Thessaloniki Campus Library
Ίωνος Δραγούμη 21, 54625 | Ίωνος Δραγούμη 15, 54625
Τ: +30 2310 287779 – Τ: +30 2314 440300